Biggest Cities in Arizona A-Z - Statistics

General Stats
  • This quiz has been taken 33 times
  • The average score is 11 of 20
Answer Stats
Letter Population Answer % Correct
P 1,624,569 Phoenix
100%
F 76,989 Flagstaff
96%
T 543,242 Tucson
96%
M 509,475 Mesa
93%
S 242,753 Scottsdale
89%
C 279,458 Chandler
81%
Y 97,093 Yuma
81%
G 273,136 Gilbert
70%
L 58,284 Lake Havasu City
59%
B 101,315 Buckeye
48%
A 90,654 Avondale
41%
O 47,879 Oro Valley
41%
K 33,822 Kingman
33%
W 8,943 Winslow
30%
N 19,766 Nogales
26%
Q 66,346 Queen Creek
22%
D 16,513 Douglas
19%
J 467 Jerome
19%
H 4,842 Holbrook
11%
E 36,016 El Mirage
7%
No matching quizzes found
Score Distribution
Percent of People with Each Score
Percentile by Number Answered
Your Score History
You have not taken this quiz